[Event "DVM U12 2022"]
[Site "München GER"]
[Date "2022.12.28"]
[Round "3"]
[White "Splitt, Albert"]
[Black "Jablonski, Ture"]
[Result "0-1"]
[Termination "normal"]
[Board "10.3"]
[WhiteElo "1067"]
[BlackElo "1038"]
[WhiteTeam "Barnimer Schachfreunde im SV Stahl Finow"]
[BlackTeam "SV Werder Bremen"]
[PlyCount "68"]
[WhiteFideId "34602879"]
[BlackFideId "34640452"]
[EventCountry "GER"]
[EventRounds "7"]
[EventType "team-swiss"]
[EventDate "2022.12.26"]

1. e4 c5 2. Nf3 Nc6 3. Bc4 d6 4. Nc3 Nf6 5. d3 g6 6. Bg5 Bg7 7. Qd2 O-O 8.
O-O-O Bd7 9. Bh6 Na5 10. Bd5 Qb6 11. Qg5 Nxd5 12. Nxd5 Qxb2 13. Kd2 Qxa2 14.
Bxg7 Kxg7 15. h4 f6 16. Qg3 e6 17. Nc3 Nb3 18. Ke2 Qxc2 19. Nd2 Nxd2 20. Rxd2
Qxc3 21. h5 f5 22. hxg6 hxg6 23. Qh4 Kf7 24. Qg5 Rh8 25. Rf1 fxe4 26. f3 exd3
27. Rxd3 Bb5 28. Qf4 Qf6 29. Qxd6 Bxd3 30. Qxd3 Rad8 31. Qb3 Qe5 32. Kf2 Rd2
33. Kg1 Qd4 34. Rf2 Qxf2# 0-1

[Event "DVM U12 2022"]
[Site "München GER"]
[Date "2022.12.28"]
[Round "3"]
[White "Plath, Erik"]
[Black "Wünsche, Jonathan"]
[Result "1-0"]
[Termination "normal"]
[Board "10.4"]
[WhiteElo "927"]
[BlackElo "1068"]
[WhiteTeam "SV Werder Bremen"]
[BlackTeam "Barnimer Schachfreunde im SV Stahl Finow"]
[PlyCount "39"]
[WhiteFideId "34608206"]
[BlackFideId "34602836"]
[EventCountry "GER"]
[EventRounds "7"]
[EventType "team-swiss"]
[EventDate "2022.12.26"]

1. e4 d5 2. exd5 Qxd5 3. Nc3 Qa5 4. Nf3 c6 5. Bc4 Nf6 6. d3 Bf5 7. Bd2 Qc7 8.
O-O e6 9. h3 Bd6 10. Nd4 O-O 11. Nxf5 exf5 12. Qf3 f4 13. Rfe1 g6 14. Ne4 Nxe4
15. Qxe4 Qd7 16. Bc3 Na6 17. Qd4 Be5 18. Qxe5 Qd5 19. Bxd5 Rfe8 20. Qg7# 1-0

[Event "DVM U12 2022"]
[Site "München GER"]
[Date "2022.12.28"]
[Round "4"]
[White "Shen, Tingrui"]
[Black "Lu, Yunong Elias"]
[Result "1-0"]
[Termination "normal"]
[Board "1.1"]
[WhiteElo "1643"]
[BlackElo "1678"]
[WhiteClock "01:12:45"]
[BlackClock "01:08:54"]
[WhiteTeam "TV Tegernsee"]
[BlackTeam "Hamburger SK von 1830"]
[PlyCount "39"]
[WhiteFideId "34603441"]
[BlackFideId "16276426"]
[EventCountry "GER"]
[EventRounds "7"]
[EventType "team-swiss"]
[EventDate "2022.12.26"]

1. Nf3 {[%clk 01:30:45]} {[%emt 00:00:15]} d5 {[%clk 01:30:37]} {[%emt
00:00:23]} 2. d4 {[%clk 01:31:05]} {[%emt 00:00:10]} Nf6 {[%clk 01:30:58]}
{[%emt 00:00:09]} 3. g3 {[%clk 01:30:54]} {[%emt 00:00:40]} c5 {[%clk
01:30:36]} {[%emt 00:00:52]} 4. Bg2 {[%clk 01:30:56]} {[%emt 00:00:28]} cxd4
{[%clk 01:30:28]} {[%emt 00:00:39]} 5. Nxd4 {[%clk 01:30:59]} {[%emt 00:00:27]}
Nc6 {[%clk 01:30:43]} {[%emt 00:00:15]} 6. O-O {[%clk 01:30:10]} {[%emt
00:01:19]} g6 {[%clk 01:30:05]} {[%emt 00:01:08]} 7. c4 {[%clk 01:28:54]}
{[%emt 00:01:45]} Bg7 {[%clk 01:28:04]} {[%emt 00:02:32]} 8. Nc3 {[%clk
01:26:00]} {[%emt 00:03:23]} Nxd4 {[%clk 01:25:32]} {[%emt 00:03:02]} 9. Qxd4
{[%clk 01:25:56]} {[%emt 00:00:32]} dxc4 {[%clk 01:21:54]} {[%emt 00:04:09]}
10. Qxd8 {[%clk 01:23:26]} {[%emt 00:03:00]} Kxd8 {[%clk 01:22:09]} {[%emt
00:00:15]} 11. Rd1 {[%clk 01:23:23]} {[%emt 00:00:33]} Bd7 {[%clk 01:20:13]}
{[%emt 00:02:27]} 12. Bf4 {[%clk 01:19:45]} {[%emt 00:04:08]} Rc8 {[%clk
01:16:26]} {[%emt 00:04:17]} 13. Bxb7 {[%clk 01:19:19]} {[%emt 00:00:56]} Rc5
{[%clk 01:16:23]} {[%emt 00:00:33]} 14. Rd2 {[%clk 01:18:01]} {[%emt 00:01:48]}
h6 {[%clk 01:13:23]} {[%emt 00:03:31]} 15. Rad1 {[%clk 01:15:12]} {[%emt
00:03:18]} e5 {[%clk 01:12:23]} {[%emt 00:01:31]} 16. Ne4 {[%clk 01:12:14]}
{[%emt 00:03:27]} Nxe4 {[%clk 01:09:45]} {[%emt 00:03:08]} 17. Rxd7 {[%clk
01:12:21]} {[%emt 00:00:23]} Ke8 {[%clk 01:10:11]} {[%emt 00:00:05]} 18. Be3
{[%clk 01:12:13]} {[%emt 00:00:38]} Nf6 {[%clk 01:08:25]} {[%emt 00:02:17]} 19.
Rd8 {[%clk 01:12:31]} {[%emt 00:00:11]} Ke7 {[%clk 01:08:54]} {[%emt 00:00:02]}
20. Bxc5 {[%clk 01:12:45]} {[%emt 00:00:16]} 1-0

[Event "DVM U12 2022"]
[Site "München GER"]
[Date "2022.12.28"]
[Round "4"]
[White "Braun, Julian"]
[Black "Limmer, Marco"]
[Result "1/2-1/2"]
[Termination "normal"]
[Board "1.2"]
[WhiteElo "1683"]
[BlackElo "1843"]
[WhiteClock "00:39:24"]
[BlackClock "00:55:35"]
[WhiteTeam "Hamburger SK von 1830"]
[BlackTeam "TV Tegernsee"]
[PlyCount "73"]
[WhiteFideId "16289293"]
[BlackFideId "34603506"]
[EventCountry "GER"]
[EventRounds "7"]
[EventType "team-swiss"]
[EventDate "2022.12.26"]

1. e4 {[%clk 01:30:59]} {[%emt 02:07:43]} e6 {[%clk 01:30:56]} {[%emt
00:00:04]} 2. d4 {[%clk 01:31:24]} {[%emt 00:00:05]} d5 {[%clk 01:31:22]}
{[%emt 00:00:04]} 3. Nd2 {[%clk 01:31:53]} {[%emt 00:00:01]} c5 {[%clk
01:31:41]} {[%emt 00:00:11]} 4. exd5 {[%clk 01:32:21]} {[%emt 00:00:03]} exd5
{[%clk 01:32:00]} {[%emt 00:00:11]} 5. Ngf3 {[%clk 01:32:45]} {[%emt 00:00:06]}
Nc6 {[%clk 01:32:22]} {[%emt 00:00:07]} 6. Bb5 {[%clk 01:33:10]} {[%emt
00:00:05]} Bd6 {[%clk 01:32:47]} {[%emt 00:00:05]} 7. O-O {[%clk 01:33:30]}
{[%emt 00:00:11]} Nge7 {[%clk 01:33:13]} {[%emt 00:00:04]} 8. dxc5 {[%clk
01:33:26]} {[%emt 00:00:34]} Bxc5 {[%clk 01:33:35]} {[%emt 00:00:07]} 9. Nb3
{[%clk 01:33:47]} {[%emt 00:00:09]} Bd6 {[%clk 01:33:54]} {[%emt 00:00:11]} 10.
Re1 {[%clk 01:33:32]} {[%emt 00:00:45]} O-O {[%clk 01:34:16]} {[%emt 00:00:08]}
11. Bg5 {[%clk 01:33:07]} {[%emt 00:00:54]} Bg4 {[%clk 01:33:38]} {[%emt
00:01:08]} 12. h3 {[%clk 01:32:35]} {[%emt 00:01:02]} Bh5 {[%clk 01:33:45]}
{[%emt 00:00:23]} 13. Bxc6 {[%clk 01:32:03]} {[%emt 00:01:03]} bxc6 {[%clk
01:33:01]} {[%emt 00:01:13]} 14. Nbd4 {[%clk 01:30:47]} {[%emt 00:01:45]} Qc7
{[%clk 01:30:30]} {[%emt 00:03:01]} 15. Bxe7 {[%clk 01:29:17]} {[%emt
00:02:00]} Bxe7 {[%clk 01:30:10]} {[%emt 00:00:50]} 16. Nxc6 {[%clk 01:27:09]}
{[%emt 00:02:38]} Bf6 {[%clk 01:27:29]} {[%emt 00:03:12]} 17. Qxd5 {[%clk
01:24:32]} {[%emt 00:03:07]} Bxf3 {[%clk 01:27:50]} {[%emt 00:00:09]} 18. Qxf3
{[%clk 01:24:44]} {[%emt 00:00:17]} Rac8 {[%clk 01:27:03]} {[%emt 00:01:18]}
19. Nb4 {[%clk 01:22:44]} {[%emt 00:02:29]} Bxb2 {[%clk 01:26:01]} {[%emt
00:01:33]} 20. Rab1 {[%clk 01:12:08]} {[%emt 00:11:06]} Bc3 {[%clk 01:24:18]}
{[%emt 00:02:14]} 21. Nd5 {[%clk 01:12:12]} {[%emt 00:00:25]} Qa5 {[%clk
01:23:22]} {[%emt 00:01:26]} 22. Re7 {[%clk 01:10:29]} {[%emt 00:02:13]} Qxa2
{[%clk 01:20:15]} {[%emt 00:03:35]} 23. Rbb7 {[%clk 01:07:32]} {[%emt
00:03:29]} Qa1 {[%clk 01:19:53]} {[%emt 00:00:51]} 24. Kh2 {[%clk 01:07:42]}
{[%emt 00:00:21]} Bf6 {[%clk 01:18:28]} {[%emt 00:01:56]} 25. Rxa7 {[%clk
01:05:51]} {[%emt 00:02:20]} Qb2 {[%clk 01:16:45]} {[%emt 00:02:13]} 26. c3
{[%clk 00:54:23]} {[%emt 00:11:58]} Bxe7 {[%clk 01:13:49]} {[%emt 00:03:27]}
27. Nxe7 {[%clk 00:54:40]} {[%emt 00:00:13]} Kh8 {[%clk 01:11:13]} {[%emt
00:03:06]} 28. Nxc8 {[%clk 00:55:06]} {[%emt 00:00:03]} Rxc8 {[%clk 01:09:10]}
{[%emt 00:02:32]} 29. Rxf7 {[%clk 00:54:47]} {[%emt 00:00:49]} h6 {[%clk
01:09:18]} {[%emt 00:00:23]} 30. c4 {[%clk 00:50:01]} {[%emt 00:05:16]} Qe5
{[%clk 01:08:20]} {[%emt 00:01:27]} 31. g3 {[%clk 00:49:24]} {[%emt 00:01:07]}
Rxc4 {[%clk 01:07:46]} {[%emt 00:01:05]} 32. Rf8 {[%clk 00:48:37]} {[%emt
00:01:17]} Kh7 {[%clk 01:07:57]} {[%emt 00:00:19]} 33. Qa8 {[%clk 00:45:21]}
{[%emt 00:03:46]} Rc1 {[%clk 01:04:23]} {[%emt 00:04:05]} 34. Qa3 {[%clk
00:42:13]} {[%emt 00:03:37]} Rc3 {[%clk 01:01:14]} {[%emt 00:03:40]} 35. Qa1
{[%clk 00:39:50]} {[%emt 00:02:53]} Qc5 {[%clk 00:55:32]} {[%emt 00:06:13]} 36.
Qb1 {[%clk 00:39:24]} {[%emt 00:00:54]} Rc2 {[%clk 00:55:35]} {[%emt 00:00:28]}
37. Rf4 {[%emt 00:00:41]} 1/2-1/2

[Event "DVM U12 2022"]
[Site "München GER"]
[Date "2022.12.28"]
[Round "4"]
[White "Greive, Jakob"]
[Black "Haertel, Leon"]
[Result "1-0"]
[Termination "normal"]
[Board "1.3"]
[WhiteElo "1600"]
[BlackElo "1265"]
[WhiteClock "00:28:45"]
[BlackClock "00:00:31"]
[WhiteTeam "TV Tegernsee"]
[BlackTeam "Hamburger SK von 1830"]
[PlyCount "79"]
[WhiteFideId "34603476"]
[BlackFideId "34623736"]
[EventCountry "GER"]
[EventRounds "7"]
[EventType "team-swiss"]
[EventDate "2022.12.26"]

1. e4 {[%clk 01:30:57]} {[%emt 00:00:02]} c5 {[%clk 01:30:56]} {[%emt
00:00:05]} 2. Nf3 {[%clk 01:31:19]} {[%emt 00:00:08]} Nc6 {[%clk 01:31:20]}
{[%emt 00:00:06]} 3. c3 {[%clk 01:31:37]} {[%emt 00:00:12]} g6 {[%clk
01:31:41]} {[%emt 00:00:09]} 4. d4 {[%clk 01:31:36]} {[%emt 00:00:30]} cxd4
{[%clk 01:31:57]} {[%emt 00:00:15]} 5. cxd4 {[%clk 01:31:55]} {[%emt 00:00:10]}
Bg7 {[%clk 01:32:21]} {[%emt 00:00:06]} 6. Nc3 {[%clk 01:31:42]} {[%emt
00:00:43]} d6 {[%clk 01:32:16]} {[%emt 00:00:36]} 7. Bc4 {[%clk 01:30:36]}
{[%emt 00:01:36]} Bg4 {[%clk 01:31:28]} {[%emt 00:01:19]} 8. Bxf7 {[%clk
01:26:47]} {[%emt 00:04:18]} Kf8 {[%clk 01:15:20]} {[%emt 00:16:39]} 9. Bxg8
{[%clk 01:24:48]} {[%emt 00:02:28]} Rxg8 {[%clk 01:13:22]} {[%emt 00:02:28]}
10. Be3 {[%clk 01:22:49]} {[%emt 00:02:27]} Bf6 {[%clk 01:05:55]} {[%emt
00:07:58]} 11. h3 {[%clk 01:21:22]} {[%emt 00:01:57]} Bxf3 {[%clk 00:52:27]}
{[%emt 00:13:58]} 12. Qxf3 {[%clk 01:21:06]} {[%emt 00:00:46]} Kg7 {[%clk
00:52:16]} {[%emt 00:00:39]} 13. Qd1 {[%clk 01:16:42]} {[%emt 00:04:55]} e5
{[%clk 00:48:05]} {[%emt 00:04:43]} 14. d5 {[%clk 01:16:16]} {[%emt 00:00:56]}
Nb8 {[%clk 00:44:33]} {[%emt 00:03:57]} 15. O-O {[%clk 01:15:11]} {[%emt
00:01:39]} Nd7 {[%clk 00:42:27]} {[%emt 00:02:36]} 16. f4 {[%clk 01:12:38]}
{[%emt 00:03:02]} exf4 {[%clk 00:42:09]} {[%emt 00:00:49]} 17. Bxf4 {[%clk
01:12:36]} {[%emt 00:00:32]} Be5 {[%clk 00:41:59]} {[%emt 00:00:41]} 18. Bxe5
{[%clk 01:07:38]} {[%emt 00:05:28]} Nxe5 {[%clk 00:42:07]} {[%emt 00:00:22]}
19. Ne2 {[%clk 01:06:39]} {[%emt 00:01:27]} Qh4 {[%clk 00:38:20]} {[%emt
00:04:19]} 20. Rf4 {[%clk 00:56:42]} {[%emt 00:10:27]} Qe7 {[%clk 00:36:05]}
{[%emt 00:02:34]} 21. Qd4 {[%clk 00:54:26]} {[%emt 00:02:55]} Rgf8 {[%clk
00:30:36]} {[%emt 00:05:59]} 22. Raf1 {[%clk 00:52:58]} {[%emt 00:01:59]} b6
{[%clk 00:27:57]} {[%emt 00:03:10]} 23. b3 {[%clk 00:50:56]} {[%emt 00:02:14]}
Kg8 {[%clk 00:27:42]} {[%emt 00:01:01]} 24. Rxf8 {[%clk 00:49:49]} {[%emt
00:01:39]} Rxf8 {[%clk 00:27:46]} {[%emt 00:00:27]} 25. Rxf8 {[%clk 00:49:39]}
{[%emt 00:00:39]} Qxf8 {[%clk 00:26:39]} {[%emt 00:01:38]} 26. Qf2 {[%clk
00:48:20]} {[%emt 00:01:48]} Qe7 {[%clk 00:25:25]} {[%emt 00:01:31]} 27. Qe3
{[%clk 00:43:36]} {[%emt 00:05:26]} Nf7 {[%clk 00:23:01]} {[%emt 00:02:55]} 28.
Nd4 {[%clk 00:43:07]} {[%emt 00:00:58]} Nd8 {[%clk 00:17:44]} {[%emt 00:05:44]}
29. Qf4 {[%clk 00:39:58]} {[%emt 00:03:42]} Kg7 {[%clk 00:08:20]} {[%emt
00:09:57]} 30. Qg4 {[%clk 00:38:29]} {[%emt 00:01:59]} Kf7 {[%clk 00:04:56]}
{[%emt 00:03:53]} 31. Qf4 {[%clk 00:36:49]} {[%emt 00:02:11]} Kg7 {[%clk
00:01:30]} {[%emt 00:03:56]} 32. Kf2 {[%clk 00:35:48]} {[%emt 00:01:29]} h5
{[%clk 00:01:30]} {[%emt 00:00:32]} 33. Ke3 {[%clk 00:34:32]} {[%emt 00:01:45]}
Kh7 {[%clk 00:01:29]} {[%emt 00:00:32]} 34. h4 {[%clk 00:33:28]} {[%emt
00:01:32]} Qc7 {[%clk 00:01:29]} {[%emt 00:00:28]} 35. Kd3 {[%clk 00:31:31]}
{[%emt 00:02:27]} a6 {[%clk 00:01:01]} {[%emt 00:01:01]} 36. Qf6 {[%clk
00:29:52]} {[%emt 00:02:07]} Nf7 {[%clk 00:00:41]} {[%emt 00:00:51]} 37. Ne6
{[%clk 00:28:55]} {[%emt 00:01:27]} Ne5 {[%clk 00:00:54]} {[%emt 00:00:18]} 38.
Qxe5 {[%clk 00:28:59]} {[%emt 00:00:25]} Qb7 {[%clk 00:00:31]} {[%emt
00:00:54]} 39. Qxd6 {[%clk 00:28:30]} {[%emt 00:00:58]} b5 {[%clk 00:00:31]}
{[%emt 00:00:32]} 40. Qc7 {[%clk 00:28:45]} {[%emt 00:00:14]} 1-0

[Event "DVM U12 2022"]
[Site "München GER"]
[Date "2022.12.28"]
[Round "4"]
[White "Heil, Felix"]
[Black "Franzky, Julian"]
[Result "1/2-1/2"]
[Termination "normal"]
[Board "1.4"]
[WhiteElo "1395"]
[BlackElo "1505"]
[WhiteClock "01:16:35"]
[BlackClock "00:25:16"]
[WhiteTeam "Hamburger SK von 1830"]
[BlackTeam "TV Tegernsee"]
[PlyCount "62"]
[WhiteFideId "34604901"]
[BlackFideId "16291603"]
[EventCountry "GER"]
[EventRounds "7"]
[EventType "team-swiss"]
[EventDate "2022.12.26"]

1. e4 {[%clk 01:30:56]} {[%emt 00:00:03]} e5 {[%clk 01:30:59]} {[%emt
00:00:02]} 2. Nf3 {[%clk 01:31:20]} {[%emt 00:00:05]} Nc6 {[%clk 01:31:25]}
{[%emt 00:00:04]} 3. d4 {[%clk 01:31:46]} {[%emt 00:00:04]} exd4 {[%clk
01:31:41]} {[%emt 00:00:14]} 4. Bc4 {[%clk 01:32:11]} {[%emt 00:00:05]} Bc5
{[%clk 01:31:17]} {[%emt 00:00:54]} 5. c3 {[%clk 01:32:33]} {[%emt 00:00:09]}
dxc3 {[%clk 01:31:18]} {[%emt 00:00:29]} 6. Bxf7 {[%clk 01:32:57]} {[%emt
00:00:06]} Kxf7 {[%clk 01:31:21]} {[%emt 00:00:27]} 7. Qd5 {[%clk 01:33:23]}
{[%emt 00:00:04]} Ke8 {[%clk 01:30:29]} {[%emt 00:01:23]} 8. Qh5 {[%clk
01:33:45]} {[%emt 00:00:08]} Kf8 {[%clk 01:30:25]} {[%emt 00:00:34]} 9. Qxc5
{[%clk 01:34:04]} {[%emt 00:00:10]} Qe7 {[%clk 01:29:44]} {[%emt 00:01:12]} 10.
Qxe7 {[%clk 01:34:13]} {[%emt 00:00:21]} Ngxe7 {[%clk 01:29:53]} {[%emt
00:00:21]} 11. Nxc3 {[%clk 01:34:34]} {[%emt 00:00:09]} a6 {[%clk 01:29:49]}
{[%emt 00:00:35]} 12. b3 {[%clk 01:34:26]} {[%emt 00:00:38]} d6 {[%emt
00:01:55]} 13. O-O {[%clk 01:34:42]} {[%emt 00:00:12]} h6 {[%clk 01:26:10]}
{[%emt 00:02:46]} 14. Re1 {[%clk 01:34:19]} {[%emt 00:00:51]} Be6 {[%clk
01:24:45]} {[%emt 00:01:56]} 15. e5 {[%clk 01:34:05]} {[%emt 00:00:45]} d5
{[%clk 01:23:41]} {[%emt 00:01:33]} 16. Be3 {[%clk 01:33:49]} {[%emt 00:00:45]}
Kf7 {[%clk 01:22:07]} {[%emt 00:02:03]} 17. Rad1 {[%clk 01:32:29]} {[%emt
00:01:51]} Rad8 {[%clk 01:21:06]} {[%emt 00:01:32]} 18. Bd4 {[%clk 01:32:32]}
{[%emt 00:00:27]} Rhe8 {[%clk 01:19:11]} {[%emt 00:02:25]} 19. Na4 {[%clk
01:32:01]} {[%emt 00:01:02]} Nf5 {[%clk 01:07:43]} {[%emt 00:11:58]} 20. Nc5
{[%clk 01:29:52]} {[%emt 00:02:38]} Bc8 {[%clk 01:00:21]} {[%emt 00:07:51]} 21.
h3 {[%clk 01:27:45]} {[%emt 00:02:37]} b6 {[%clk 00:53:48]} {[%emt 00:07:04]}
22. Na4 {[%clk 01:26:38]} {[%emt 00:01:37]} Re6 {[%clk 00:52:36]} {[%emt
00:01:42]} 23. g4 {[%clk 01:26:32]} {[%emt 00:00:36]} Nfxd4 {[%clk 00:50:09]}
{[%emt 00:02:56]} 24. Nxd4 {[%clk 01:26:22]} {[%emt 00:00:40]} Nxd4 {[%clk
00:49:23]} {[%emt 00:01:16]} 25. Rxd4 {[%clk 01:26:41]} {[%emt 00:00:11]} c5
{[%clk 00:47:15]} {[%emt 00:02:38]} 26. Rd3 {[%clk 01:26:15]} {[%emt 00:00:56]}
Rc6 {[%clk 00:39:00]} {[%emt 00:08:43]} 27. Nb2 {[%clk 01:25:57]} {[%emt
00:00:50]} Ke7 {[%clk 00:34:57]} {[%emt 00:04:33]} 28. f4 {[%clk 01:25:23]}
{[%emt 00:01:04]} b5 {[%clk 00:33:21]} {[%emt 00:02:07]} 29. Red1 {[%clk
01:22:20]} {[%emt 00:03:33]} d4 {[%clk 00:30:08]} {[%emt 00:03:43]} 30. f5
{[%clk 01:18:27]} {[%emt 00:04:23]} Rd5 {[%clk 00:27:03]} {[%emt 00:03:34]} 31.
e6 {[%clk 01:16:35]} {[%emt 00:02:23]} Re5 {[%clk 00:25:16]} {[%emt 00:02:17]}
1/2-1/2

[Event "DVM U12 2022"]
[Site "München GER"]
[Date "2022.12.28"]
[Round "4"]
[White "Rodriguez Klasen, Ennio"]
[Black "Türel, Tugrul"]
[Result "0-1"]
[Termination "normal"]
[Board "2.1"]
[WhiteElo "1365"]
[BlackElo "1605"]
[WhiteClock "00:23:45"]
[BlackClock "00:23:55"]
[WhiteTeam "SV Empor Berlin"]
[BlackTeam "SF München"]
[PlyCount "72"]
[WhiteFideId "16277414"]
[BlackFideId "26338408"]
[EventCountry "GER"]
[EventRounds "7"]
[EventType "team-swiss"]
[EventDate "2022.12.26"]

1. e4 {[%clk 01:30:59]} e5 {[%clk 01:30:53]} {[%emt 00:00:07]} 2. d4 {[%clk
01:31:25]} {[%emt 00:00:05]} exd4 {[%clk 01:31:02]} {[%emt 00:00:20]} 3. Qxd4
{[%clk 01:31:49]} {[%emt 00:00:06]} Nc6 {[%clk 01:31:27]} {[%emt 00:00:05]} 4.
Qe3 {[%clk 01:32:15]} {[%emt 00:00:04]} Nf6 {[%clk 01:31:40]} {[%emt 00:00:17]}
5. Nc3 {[%clk 01:32:41]} {[%emt 00:00:05]} Bb4 {[%clk 01:32:05]} {[%emt
00:00:05]} 6. Bd2 {[%clk 01:32:59]} {[%emt 00:00:12]} O-O {[%clk 01:32:28]}
{[%emt 00:00:06]} 7. O-O-O {[%clk 01:33:21]} {[%emt 00:00:08]} Re8 {[%clk
01:32:55]} {[%emt 00:00:03]} 8. Bd3 {[%clk 01:23:05]} {[%emt 00:10:46]} d5
{[%clk 01:32:27]} {[%emt 00:00:58]} 9. Qg3 {[%clk 01:20:44]} {[%emt 00:02:51]}
d4 {[%clk 01:28:44]} {[%emt 00:04:13]} 10. Nce2 {[%clk 01:16:09]} {[%emt
00:05:06]} Bxd2 {[%clk 01:24:59]} {[%emt 00:04:14]} 11. Rxd2 {[%clk 01:16:19]}
{[%emt 00:00:20]} Nxe4 {[%clk 01:25:17]} {[%emt 00:00:12]} 12. Bxe4 {[%clk
01:16:26]} {[%emt 00:00:23]} Rxe4 {[%clk 01:25:43]} {[%emt 00:00:04]} 13. f3
{[%clk 01:09:41]} {[%emt 00:07:15]} Re8 {[%clk 01:19:46]} {[%emt 00:52:58]} 14.
Qf2 {[%clk 01:06:48]} Qd5 {[%clk 01:16:04]} 15. Kb1 {[%clk 00:58:30]} Be6
{[%clk 01:14:55]} 16. b3 {[%clk 00:56:39]} Qa5 {[%clk 01:13:51]} 17. Nxd4
{[%clk 00:48:31]} Rad8 {[%clk 01:12:45]} 18. Nh3 {[%clk 00:45:56]} Bxh3 {[%clk
01:02:12]} 19. gxh3 {[%clk 00:45:22]} {[%emt 00:00:52]} Nb4 {[%clk 00:43:21]}
{[%emt 00:19:19]} 20. a4 {[%clk 00:45:15]} {[%emt 00:00:39]} Nd5 {[%clk
00:41:52]} {[%emt 00:01:59]} 21. Rg1 {[%clk 00:37:04]} {[%emt 00:08:42]} Nc3
{[%clk 00:40:27]} {[%emt 00:01:54]} 22. Ka1 {[%clk 00:30:10]} {[%emt 00:07:24]}
g6 {[%clk 00:33:24]} {[%emt 00:07:33]} 23. Re1 {[%clk 00:28:31]} {[%emt
00:02:08]} Rxe1 {[%clk 00:29:40]} {[%emt 00:04:14]} 24. Qxe1 {[%clk 00:28:53]}
{[%emt 00:00:08]} Nxa4 {[%clk 00:29:46]} {[%emt 00:00:25]} 25. bxa4 {[%clk
00:28:19]} {[%emt 00:01:05]} Qxa4 {[%clk 00:30:05]} {[%emt 00:00:10]} 26. Kb1
{[%clk 00:27:16]} {[%emt 00:01:34]} Rxd4 {[%clk 00:30:13]} {[%emt 00:00:22]}
27. Rxd4 {[%clk 00:27:21]} {[%emt 00:00:24]} Qxd4 {[%clk 00:30:37]} {[%emt
00:00:05]} 28. Qe8 {[%clk 00:27:41]} {[%emt 00:00:10]} Kg7 {[%clk 00:31:02]}
{[%emt 00:00:05]} 29. Qb8 {[%clk 00:26:05]} {[%emt 00:02:07]} Qb6 {[%clk
00:26:36]} {[%emt 00:04:56]} 30. Ka2 {[%clk 00:25:53]} {[%emt 00:00:42]} a5
{[%clk 00:26:03]} {[%emt 00:01:03]} 31. Qd8 {[%clk 00:25:38]} {[%emt 00:00:46]}
Qd6 {[%clk 00:24:58]} {[%emt 00:01:35]} 32. Qg5 {[%clk 00:25:09]} {[%emt
00:00:59]} Qe6 {[%clk 00:24:43]} {[%emt 00:00:44]} 33. Kb1 {[%clk 00:25:13]}
{[%emt 00:00:27]} b6 {[%clk 00:24:28]} {[%emt 00:00:46]} 34. Qd2 {[%clk
00:24:52]} {[%emt 00:00:44]} Qe5 {[%clk 00:23:26]} {[%emt 00:01:37]} 35. f4
{[%clk 00:24:09]} {[%emt 00:01:14]} Qb5 {[%clk 00:23:44]} {[%emt 00:00:12]} 36.
Ka1 {[%clk 00:23:45]} {[%emt 00:00:54]} Qa4 {[%clk 00:23:55]} {[%emt 00:00:19]}
0-1